000 00491nam a2200133Ia 4500
008 220620s9999||||xx |||||||||||||| ||und||
020 _a9780260000000
100 _aSengupta, Pratim||Dickes, Amanda||Farris, Amy Voss
245 0 _aVoicing Code in STEM
_bA Dialogical Imagination
546 _aEnglish[eng]
650 _aSTEM Education||Science Education||Computing Education||Computational Thinking||Technocentrism
856 _uhttps://doi.org/10.7551/mitpress/11668.001.0001
942 _cEB
999 _c26667
_d26667